000 00336 a2200157 4500
001 186870
020 _a85-16-00443-0
040 _cMagnum
100 _aNoronha, Teresa
240 1 0 _aSopa de letrinhas
_lpor
245 1 0 _aSopa de letrinhas
300 _a46
362 0 _a1991
697 _aLITERATURA INFANTO-JUVENIL
942 _cBK
999 _c186870
_d186870